| 000 | 00618nam a2200205 u 4500 | ||
|---|---|---|---|
| 005 | 20240912063828.0 | ||
| 008 | 080521s2006 r 000 0 eng d | ||
| 020 | _a8421634089 | ||
| 035 | _aUPN01000156124 | ||
| 049 | _aI | ||
| 050 | 4 |
_aPZ74 _bK4.6 |
|
| 100 | 1 |
_aKeselman, Gabriela, _d1953- _931735 |
|
| 245 | 1 | 0 |
_aPapá se caso con una bruja / _cGabriela Keselman. |
| 260 |
_aMadrid : _bBruño, _c2006. |
||
| 300 |
_a57 p. : _bprincipalmente il. col. |
||
| 440 | 0 |
_aAlta mar ; _v121. _pCuentos |
|
| 650 | 4 |
_aCuentos infantiles argentinos _97466 |
|
| 650 | 4 |
_aLibros y lectura para niños _92290 |
|
| 905 | _aInfantil | ||
| 999 |
_c128238 _d128238 |
||